1176 1734 1279 1243 1066 1440 1106 1685 1259 1042 1372 1371 1607 1588 1517 1107 1220 1088 1661 1579 1365 1192 1641 1337 1622 1498 1826 1446 1862 1507 1874 1072 1456 1593 1493 1843 1191 1331 1913 1732 1047 1528 1099 1306 1008 1339 1427 1976 1572 2000 1740 1924 1878 1763 1923 1324 1724 1844 1827 1784 1963 1717 1533 1273 1261 1170 1114 1933 1348 1782 1189 1242 1959 1737 1236 1620 1642 1589 1029 1279 1133 1292 1543 1241 1921 1163 1129 1022 1491 1872 1279 1926 1828 1095 1376 1147 1824 1759 1665 BCNSPRNW ULIB Ver.6.0+V

เปลี่ยนเป็นภาษาไทย

Change to English
 แสดงรายละเอียดบรรณานุกรม
  กลับหน้าหลัก

Brief Record : Get Marc (ISO 2709) : E-mail record : QR code < ปิดหน้าต่าง
LEADER : 00000nam 2200000uu 4500
001    13399112187
003     ULIB
008    110729s2551||||th 000 0 tha d
020    9789744140630
040    cl
041 1  tha^heng
050  4 HD38.2^bพ993ท 2551
100 1  เบรด, ลอยด์
245 10 ทักษะการเป็นผู้นำ =^bLeading people /^cโดย Lloyd Baird ;แปลและเรียบเรียงโดย ไพโรจน์ บาลัน
246 31 Leading people
250    พิมพ์ครั้งที่ 1
260    กรุงเทพฯ :^bเอ็กซเปอร์เน็ท,^c2551
300    132 หน้า ;^c21 ซม.
440  0 Pocket mentor
500    "คู่มือพัฒนาทักษะผู้นำจากมหาวิทยาลัยฮาร์วาร์ด"
650  4 ผู้นำ
700 0  ไพโรจน์ บาลัน,^eผู้แปล
700 12 Baird, Lloyd.^tLeading people
945    ^p140^l0^i024387
995    ทศพร
999 ^a ทศพร
รายการนี้ยังไม่มีแท็ก
คุณยังไม่ได้ล็อกอิน คุณสามารถมีกิจกรรมร่วมกับเว็บไซต์ได้ แต่ต้องล็อกอินก่อน ::
  ล็อกอิน

รายการสื่อสารสนเทศ

ลำดับที่ ประเภท เลขเรียก/บาร์โค้ด สถานที่ สถานะ
- ไม่พบข้อมูล -

รายการใกล้เคียง
    ผู้แต่ง [เบรด, ลอยด์]

    หัวเรื่อง [ผู้นำ]

BibComment


ยังไม่เคยถูกคอมเมนท์

คอมเมนท์ทรัพยากรรายการนี้
  คอมเมนท์: ทักษะการเป็นผู้นำ..


 Copyright 2026. Bcnsprnw @Library